Legal writing : from advice to advocacy : (Record no. 595503)

000 -LEADER
fixed length control field 00500nam a22001697a 4500
020 ## - INTERNATIONAL STANDARD BOOK NUMBER
International Standard Book Number 9781647084202
082 ## - DEWEY DECIMAL CLASSIFICATION NUMBER
Classification number 808.06634
Author Mark TIS
100 ## - MAIN ENTRY--PERSONAL NAME
Personal name Tiscione, Kristen Konrad
245 ## - TITLE STATEMENT
Title Legal writing : from advice to advocacy :
Statement of responsibility, etc. Kristen Konrad
Remainder of title a contemporary approach /
260 ## - PUBLICATION, DISTRIBUTION, ETC.
Place of publication, distribution, etc. USA:
Name of publisher, distributor, etc. West academic publishing,
Date of publication, distribution, etc. 2021.
300 ## - PHYSICAL DESCRIPTION
Extent 588p.
563 ## - BINDING INFORMATION
Binding note P.B
650 ## - SUBJECT ADDED ENTRY--TOPICAL TERM
Topical term or geographic name entry element Practice of law
650 ## - SUBJECT ADDED ENTRY--TOPICAL TERM
Topical term or geographic name entry element Trial practice
650 ## - SUBJECT ADDED ENTRY--TOPICAL TERM
Topical term or geographic name entry element Law--Language
942 ## - ADDED ENTRY ELEMENTS (KOHA)
Source of classification or shelving scheme
Koha item type Book
650 ## - SUBJECT ADDED ENTRY--TOPICAL TERM
-- 114437
650 ## - SUBJECT ADDED ENTRY--TOPICAL TERM
-- 114438
Holdings
Withdrawn status Lost status Source of classification or shelving scheme Damaged status Not for loan Permanent Location Current Location Date acquired Source of acquisition Total Checkouts Full call number Barcode Date last seen Date last checked out Price effective from Koha item type
          NUST Law School (NLS) NUST Law School (NLS) 08/12/2023 Golden Books 1 808.06634 TIS CL-1494 03/21/2025 09/13/2023 08/12/2023 Book
          NUST Law School (NLS) NUST Law School (NLS) 08/12/2023 Golden Books 2 808.06634 TIS CL-1493 07/08/2024 05/02/2024 08/12/2023 Book
© 2023 Central Library, National University of Sciences and Technology. All Rights Reserved.